Balladenbuch /

Hlavní autor: Avenarius, Ferdinand, 1856-1923
Další autoři: Böhm, Hans, 1876-1946
Jazyk: Němčina
Vydáno: München : Georg D.W. Callwey ;Rudolf M. Rohrer, [1943]
Vydání: 198.-217. Tausend
Fyzický popis: 379 stran : ilustrace ; 22 cm
Language note: Tištěno švabachem
Knihy
Uloženo v:
LEADER 01080cam a22002897i 4500
001 001926039
003 CZ BrMZK
005 20250331080152.0
007 ta
008 250219s1943 xr a er 000 1 ger d
040 |a ABA001  |b cze  |c ABA001  |d BOA001  |e rda 
044 |a xr  |a gw  |a au 
100 1 |a Avenarius, Ferdinand,  |d 1856-1923  |7 jn20031128005  |4 aut 
245 1 0 |a Balladenbuch /  |c Ferdinand Avenarius ; erneuert von Hans Böhm 
250 |a 198.-217. Tausend 
264 1 |a München :  |b Georg D.W. Callwey ;  |a Brünn ;  |a Wien :  |b Rudolf M. Rohrer,  |c [1943] 
300 |a 379 stran :  |b ilustrace ;  |c 22 cm 
336 |a text  |b txt  |2 rdacontent 
337 |a bez média  |b n  |2 rdamedia 
338 |a svazek  |b nc  |2 rdacarrier 
546 |a Tištěno švabachem 
700 1 |a Böhm, Hans,  |d 1876-1946  |7 xx0278069  |4 edt 
910 |a BOA001  |b 2-0177.554  |b 2-0173.339 
990 |a BK 
991 |b 202502 
996 7 |b 2618784616  |c 2-0173.339  |l MZK  |r Sklad / do 24 hodin  |n 0  |w 001995660  |u 000020  |a 1  |e BOA001  |j MZK50  |s A 
996 6 |b BC-2571912  |c 2-0177.554  |l MZK  |r Sklad / do 24 hodin  |n 0  |w 001995660  |u 000010  |a 1  |e BOA001  |j MZK50  |s P